[Event "World Junior Chess Championship U18 b"]
[Site "Gaziantep"]
[Date "2008.08.05"]
[Round "4.49"]
[White "Niemi, Mikko"]
[Black "Sousa, Ricardo"]
[Result "1-0"]
[WhiteElo "2214"]
[BlackElo "2133"]
[PlyCount "67"]
[EventDate "2008.08.??"]
[EventType "swiss"]
[EventRounds "13"]
[EventCountry "TUR"]

1. c4 Nf6 2. g3 g6 3. Bg2 Bg7 4. Nc3 O-O 5. Nf3 d6 6. O-O e5 7. d3 Nbd7 8. Rb1
Nc5 9. b4 Ne6 10. b5 Nh5 11. a4 f5 12. Qb3 g5 13. c5 Kh8 14. cxd6 cxd6 15. Ba3
g4 16. Nd2 Rf6 17. b6 a6 18. Qd5 Ng5 19. Nc4 Nf7 20. f3 Rb8 21. fxg4 Be6 22.
Qa5 fxg4 23. Nd5 Rxf1+ 24. Rxf1 Qd7 25. Nc7 Nf6 26. Nxd6 Nxd6 27. Qxe5 Nfe4 28.
Qxe6 Bd4+ 29. Kh1 Qxe6 30. Nxe6 Nf2+ 31. Rxf2 Bxf2 32. Bxd6 Re8 33. Be5+ Kg8
34. Bd5 1-0

[Event "World Junior Chess Championship U18 b"]
[Site "Gaziantep"]
[Date "2008.08.06"]
[Round "5.1"]
[White "Howell, David"]
[Black "Safarli, Eltaj"]
[Result "1-0"]
[WhiteElo "2561"]
[BlackElo "2527"]
[PlyCount "89"]
[EventDate "2008.08.??"]
[EventType "swiss"]
[EventRounds "13"]
[EventCountry "TUR"]

1. e4 c5 2. c3 d6 3. d4 Nf6 4. Bd3 Nc6 5. Nf3 cxd4 6. cxd4 Bg4 7. d5 Bxf3 8.
Qxf3 Ne5 9. Bb5+ Ned7 10. Nc3 g6 11. O-O Bg7 12. Be3 O-O 13. Bd4 a6 14. Be2 Rc8
15. Qe3 b5 16. a4 b4 17. Nb1 Nc5 18. Nd2 a5 19. f3 e6 20. dxe6 Nxe6 21. Bb6 Qe7
22. Nb3 Nd7 23. Bxa5 Ndc5 24. Bxb4 Nxb3 25. Qxb3 Nd4 26. Qd3 Nc2 27. Bxd6 Qa7+
28. Kh1 Nxa1 29. Bxf8 Kxf8 30. Rxa1 Bxb2 31. Rb1 Qf2 32. a5 Be5 33. Rf1 Qc5 34.
f4 Bb8 35. a6 Kg7 36. e5 Ba7 37. f5 Qxe5 38. fxg6 hxg6 39. Qd7 Rf8 40. Qxa7
Qxe2 41. Qd4+ f6 42. Ra1 Qb5 43. Qe4 Rf7 44. a7 Rxa7 45. Rxa7+ 1-0

[Event "World Junior Chess Championship U18 b"]
[Site "Gaziantep"]
[Date "2008.08.06"]
[Round "5.5"]
[White "Braun, Arik"]
[Black "Laznicka, Viktor"]
[Result "1-0"]
[WhiteElo "2533"]
[BlackElo "2601"]
[PlyCount "71"]
[EventDate "2008.08.??"]
[EventType "swiss"]
[EventRounds "13"]
[EventCountry "TUR"]

1. d4 d5 2. c4 c6 3. Nf3 Nf6 4. Nc3 a6 5. c5 Nbd7 6. Bf4 Nh5 7. Bd2 Nhf6 8. Rc1
g6 9. h3 Qc7 10. g3 Bg7 11. Bf4 Qd8 12. Bg2 O-O 13. O-O Nh5 14. Bd2 f5 15. Qb3
e5 16. Ng5 exd4 17. Nxd5 cxd5 18. Bxd5+ Kh8 19. Ne6 Qe7 20. c6 bxc6 21. Bb4 Qf6
22. Rxc6 Bb7 23. Nxf8 Bxc6 24. Nxd7 Bxd5 25. Qxd5 Qd8 26. Rc1 Qg8 27. Qb7 Rd8
28. b3 Qe8 29. Ba5 Nxg3 30. fxg3 f4 31. Bxd8 Qe3+ 32. Kh1 Qxc1+ 33. Kg2 Qc2 34.
Qf3 h5 35. Bf6 d3 36. Bxg7+ 1-0

[Event "World Junior Chess Championship U18 b"]
[Site "Gaziantep"]
[Date "2008.08.06"]
[Round "5.6"]
[White "Wen, Yang"]
[Black "Zhigalko, Sergei"]
[Result "1/2-1/2"]
[WhiteElo "2487"]
[BlackElo "2583"]
[PlyCount "68"]
[EventDate "2008.08.??"]
[EventType "swiss"]
[EventRounds "13"]
[EventCountry "TUR"]

1. e4 c5 2. Nf3 Nc6 3. Nc3 Nf6 4. Bb5 Qc7 5. O-O Nd4 6. d3 a6 7. Ba4 b5 8. Bb3
Nxb3 9. axb3 b4 10. Ne2 Bb7 11. Ng3 g6 12. Nd2 Bg7 13. f4 d5 14. Qe1 dxe4 15.
dxe4 O-O 16. Nc4 Nxe4 17. Nxe4 Qc6 18. Qf2 Bd4 19. Be3 Bxe3 20. Nxe3 Qxe4 21.
Nc4 Qd4 22. Rfe1 e6 23. Re5 Rac8 24. Qxd4 cxd4 25. Nd6 Rc7 26. Nxb7 Rxb7 27.
Rxa6 Rc8 28. Re2 Rbc7 29. Rd6 Rxc2 30. Rxc2 Rxc2 31. Rxd4 Rxb2 32. Rxb4 h5 33.
h4 Kg7 34. Kh2 Kf6 1/2-1/2

[Event "World Junior Chess Championship U18 b"]
[Site "Gaziantep"]
[Date "2008.08.06"]
[Round "5.7"]
[White "Sanikidze, Tornike"]
[Black "Le Quang, Liem"]
[Result "0-1"]
[WhiteElo "2486"]
[BlackElo "2577"]
[PlyCount "78"]
[EventDate "2008.08.??"]
[EventType "swiss"]
[EventRounds "13"]
[EventCountry "TUR"]

1. d4 d5 2. c4 c6 3. Nf3 Nf6 4. Nc3 e6 5. e3 Nbd7 6. Bd3 dxc4 7. Bxc4 b5 8. Bd3
Bd6 9. O-O Bb7 10. a3 O-O 11. Ng5 e5 12. Qc2 h6 13. Nge4 Qb8 14. dxe5 Bxe5 15.
f4 Bxc3 16. Nxc3 a5 17. e4 b4 18. Na4 Ba6 19. Bxa6 Qa7+ 20. Kh1 Qxa6 21. Be3 b3
22. Qb1 Qc4 23. Nc3 Rfe8 24. e5 Nd5 25. Nxd5 cxd5 26. Qd1 a4 27. Bd4 Rac8 28.
Rf3 Qc2 29. Qg1 Rc4 30. Rd1 Qf5 31. Bc3 Rxf4 32. Rxf4 Qxf4 33. Rxd5 Nxe5 34.
Rd4 Qf5 35. Qd1 Qc2 36. h3 Nc4 37. Qg4 Ne3 38. Qf3 Qc1+ 39. Kh2 Nf1+ 0-1

[Event "World Junior Chess Championship U18 b"]
[Site "Gaziantep"]
[Date "2008.08.06"]
[Round "5.8"]
[White "So, Wesley"]
[Black "Ramirez, Alejandro"]
[Result "1/2-1/2"]
[WhiteElo "2577"]
[BlackElo "2531"]
[PlyCount "52"]
[EventDate "2008.08.??"]
[EventType "swiss"]
[EventRounds "13"]
[EventCountry "TUR"]

1. e4 Nf6 2. e5 Nd5 3. Nf3 d6 4. d4 dxe5 5. Nxe5 c6 6. Bc4 Nd7 7. Nf3 e6 8. O-O
Be7 9. Re1 O-O 10. Bf1 b5 11. Nbd2 Bb7 12. Ne5 a6 13. Ne4 Nxe5 14. dxe5 Qc7 15.
Bd3 c5 16. Ng5 Bxg5 17. Bxg5 h6 18. Bh4 c4 19. Be4 Nf4 20. Bxb7 Qxb7 21. Qg4 g5
22. f3 Rfd8 23. Bf2 Rd2 24. h4 Qe7 25. Re4 Kf8 26. hxg5 hxg5 1/2-1/2

[Event "World Junior Chess Championship U18 b"]
[Site "Gaziantep"]
[Date "2008.08.06"]
[Round "5.9"]
[White "Amin, Bassem"]
[Black "Stupak, Kirill"]
[Result "0-1"]
[WhiteElo "2561"]
[BlackElo "2458"]
[PlyCount "172"]
[EventDate "2008.08.??"]
[EventType "swiss"]
[EventRounds "13"]
[EventCountry "TUR"]

1. e4 c5 2. Nf3 Nc6 3. d3 g6 4. g3 Bg7 5. Bg2 e6 6. O-O Nge7 7. Re1 O-O 8. c3
b6 9. Nbd2 Ba6 10. Nf1 Qc7 11. d4 cxd4 12. cxd4 d5 13. Bf4 Qd7 14. e5 Nb4 15.
Re3 Rfc8 16. Rb3 Nbc6 17. Ne3 Na5 18. Ra3 Bb5 19. b3 Nf5 20. Ng4 Qe7 21. Rxa5
bxa5 22. Bg5 Qc7 23. Rc1 Qb7 24. Rb1 h6 25. Nf6+ Bxf6 26. Bxf6 Qc7 27. g4 Ng7
28. Ne1 Ne8 29. Bh4 g5 30. Bg3 Qc3 31. h4 Kf8 32. Kh2 Rc7 33. hxg5 hxg5 34. Nf3
Qc2 35. Qe1 Qe4 36. Qxe4 dxe4 37. Nxg5 Rd8 38. Rd1 Rcd7 39. Nxe4 Rxd4 40. Rc1
Ba6 41. Rc5 Bb7 42. Nd6 Nxd6 43. exd6 Bxg2 44. Kxg2 f6 45. Rxa5 Rxg4 46. Kf3
Rg7 47. Bf4 Ke8 48. Ra6 Rgd7 49. b4 Rb8 50. a3 Rb6 51. Ra5 a6 52. Rh5 Rbb7 53.
Ke4 Kf7 54. Rh8 Kg7 55. Ra8 Rb6 56. Rc8 e5 57. Be3 Rbxd6 58. Kf5 Rd3 59. a4 Rb3
60. Bc5 Kf7 61. Rf8+ Kg7 62. Ra8 Kf7 63. Rxa6 Rf3+ 64. Ke4 Rf4+ 65. Ke3 f5 66.
a5 Re4+ 67. Kf3 Rd3+ 68. Kg2 Rg4+ 69. Kf1 f4 70. Rd6 Ra3 71. Rd1 f3 72. Rc1 Ke6
73. Re1 Kd5 74. Rd1+ Kc6 75. Re1 Kd5 76. Rd1+ Kc4 77. Re1 e4 78. Rb1 Kb5 79.
Rc1 Rh4 80. Kg1 Rd3 81. Be7 Rh7 82. Bg5 Kxb4 83. Re1 Rd5 84. Bf4 Kxa5 85. Bh2
Rg5+ 86. Kh1 Rgh5 0-1

[Event "World Junior Chess Championship U18 b"]
[Site "Gaziantep"]
[Date "2008.08.06"]
[Round "5.10"]
[White "Popov, Ivan"]
[Black "Rombaldoni, Denis"]
[Result "1-0"]
[WhiteElo "2549"]
[BlackElo "2418"]
[PlyCount "137"]
[EventDate "2008.08.??"]
[EventType "swiss"]
[EventRounds "13"]
[EventCountry "TUR"]

1. e4 c6 2. d4 d5 3. e5 Bf5 4. Nd2 e6 5. Nb3 c5 6. dxc5 Bxc5 7. Nxc5 Qa5+ 8. c3
Qxc5 9. Nf3 a6 10. Nd4 Bg6 11. Qa4+ Nd7 12. Nb5 Rb8 13. Nd6+ Kd8 14. Be3 Qc6
15. Qb4 Nxe5 16. Ba7 Kc7 17. Bxb8+ Kxb8 18. f4 Nd7 19. f5 exf5 20. Be2 Nh6 21.
h4 Kc7 22. Nxb7 Qxb7 23. Qxb7+ Kxb7 24. h5 Bxh5 25. Bxh5 Nf6 26. O-O-O Kc6 27.
Rd4 Re8 28. Bd1 Re3 29. Kd2 Rg3 30. Bf3 Nhg4 31. Ke2 Ne5 32. Kf2 Rg6 33. Rhd1
Ne4+ 34. Ke2 Nxf3 35. gxf3 Rg2+ 36. Ke3 Nd6 37. b3 Nb5 38. Ra4 g5 39. Rxa6+ Kb7
40. Rf6 f4+ 41. Kd3 Rf2 42. Rxf7+ Kb6 43. Rf6+ Kb7 44. Rh1 Rxf3+ 45. Kd2 Rf2+
46. Kc1 g4 47. Rxh7+ Nc7 48. Rff7 g3 49. Rxc7+ Kb6 50. Rcf7 Rxa2 51. Rf6+ Kc5
52. Rc7+ Kb5 53. Rb7+ Kc5 54. b4+ Kc4 55. Rxf4+ d4 56. Rc7+ Kb3 57. Rxd4 g2 58.
Rg4 Ra1+ 59. Kd2 g1=Q 60. Rxg1 Rxg1 61. b5 Ka4 62. c4 Ka5 63. Rc6 Rg3 64. b6
Ka6 65. c5 Kb7 66. Rc7+ Kb8 67. Re7 Rb3 68. Kc2 Rb5 69. Rc7 1-0

[Event "World Junior Chess Championship U18 b"]
[Site "Gaziantep"]
[Date "2008.08.06"]
[Round "5.11"]
[White "Andreikin, Dmitry"]
[Black "Narmontas, Matas"]
[Result "1-0"]
[WhiteElo "2604"]
[BlackElo "2369"]
[PlyCount "133"]
[EventDate "2008.08.??"]
[EventType "swiss"]
[EventRounds "13"]
[EventCountry "TUR"]

1. e4 e6 2. f4 d5 3. e5 c5 4. Nf3 Nc6 5. c3 Nge7 6. Na3 Nf5 7. Nc2 Qb6 8. Be2
Bd7 9. O-O h5 10. Ne3 Nce7 11. a4 a5 12. Kh1 g6 13. Ra3 c4 14. Ra1 h4 15. Qe1
Nxe3 16. dxe3 Nf5 17. Bd1 Bc5 18. Nd4 O-O-O 19. Rf3 Rdg8 20. Rh3 Rh7 21. g4 Ne7
22. Bc2 Rhh8 23. Nf3 Bc6 24. g5 Nf5 25. Nd4 Bxd4 26. exd4 Rh7 27. Kg1 Rhh8 28.
Rb1 Qc7 29. b3 cxb3 30. Bxb3 Kd7 31. Ba3 b5 32. axb5 Bxb5 33. Bxd5 Bc6 34. Ba2
Rb8 35. Rd1 Rhd8 36. c4 Ba4 37. Rd2 Ke8 38. d5 Qa7+ 39. Qf2 Qa6 40. Qc5 Qb6 41.
Qxb6 Rxb6 42. Bc5 Rc6 43. Ba3 Rcc8 44. Kf2 Rd7 45. Rb2 Rdc7 46. d6 Ra7 47. Rd3
Kd7 48. Ke1 Bc6 49. Bc5 Raa8 50. Bf2 a4 51. Rb6 Rcb8 52. c5 Rxb6 53. cxb6 Ra5
54. Ra3 Kc8 55. Bc4 Ra8 56. Kd2 Kb7 57. Kc3 Rh8 58. Kb4 Ng3 59. Bd3 Kb8 60. Rc3
Kb7 61. hxg3 h3 62. Rxc6 Kxc6 63. Be4+ Kd7 64. b7 h2 65. Kxa4 h1=Q 66. Bxh1
Rxh1 67. b8=N+ 1-0

[Event "World Junior Chess Championship U18 b"]
[Site "Gaziantep"]
[Date "2008.08.06"]
[Round "5.12"]
[White "Baramidze, David"]
[Black "Borus, Denes"]
[Result "1-0"]
[WhiteElo "2593"]
[BlackElo "2472"]
[PlyCount "57"]
[EventDate "2008.08.??"]
[EventType "swiss"]
[EventRounds "13"]
[EventCountry "TUR"]

1. e4 c5 2. Nf3 e6 3. d4 cxd4 4. Nxd4 a6 5. Bd3 g6 6. c4 Bg7 7. Nc2 d6 8. Nc3
Nd7 9. Be2 Nc5 10. O-O Ne7 11. Be3 b6 12. Qd2 Bb7 13. f3 d5 14. b4 Nd7 15. cxd5
exd5 16. Bd4 Ne5 17. f4 Nc4 18. Qd3 dxe4 19. Qxc4 Rc8 20. Bxg7 Rxc4 21. Bxc4
Rg8 22. Bf6 b5 23. Rad1 Qc7 24. Bb3 Qc6 25. Bd4 Nf5 26. Bc5 g5 27. Bd5 Qg6 28.
Bxb7 gxf4 29. Bxe4 1-0

[Event "World Junior Chess Championship U18 b"]
[Site "Gaziantep"]
[Date "2008.08.06"]
[Round "5.13"]
[White "Lenic, Luka"]
[Black "Swiercz, Dariusz"]
[Result "0-1"]
[WhiteElo "2584"]
[BlackElo "2456"]
[PlyCount "62"]
[EventDate "2008.08.??"]
[EventType "swiss"]
[EventRounds "13"]
[EventCountry "TUR"]

1. Nf3 Nf6 2. c4 c5 3. Nc3 Nc6 4. d4 cxd4 5. Nxd4 g6 6. e4 d6 7. Be2 Nxd4 8.
Qxd4 Bg7 9. Be3 O-O 10. Qd2 a5 11. O-O a4 12. Rac1 Be6 13. f3 Qa5 14. Nb5 Qxd2
15. Bxd2 Rfc8 16. Be3 Nd7 17. Nd4 Nc5 18. Rfd1 Bd7 19. g4 Na6 20. Kf2 a3 21.
bxa3 Nc5 22. Nb5 Na4 23. Bd2 Nb2 24. Re1 Be6 25. Be3 Nxc4 26. Na7 Nxe3 27. Nxc8
Bd4 28. Nxe7+ Kf8 29. Kg3 Kxe7 30. Rc7+ Kf6 31. Rxb7 Rxa3 0-1

[Event "World Junior Chess Championship U18 b"]
[Site "Gaziantep"]
[Date "2008.08.06"]
[Round "5.14"]
[White "Nguyen, Ngoc Truong Son"]
[Black "Tomczak, Jacek"]
[Result "1/2-1/2"]
[WhiteElo "2579"]
[BlackElo "2451"]
[PlyCount "75"]
[EventDate "2008.08.??"]
[EventType "swiss"]
[EventRounds "13"]
[EventCountry "TUR"]

1. e4 d5 2. exd5 Nf6 3. c4 e6 4. dxe6 Bxe6 5. Nf3 Qe7 6. Qe2 Nc6 7. d4 Bg4 8.
Be3 O-O-O 9. d5 Ne4 10. Nc3 Nxc3 11. bxc3 Ne5 12. Qc2 Bxf3 13. gxf3 Nxf3+ 14.
Ke2 Ne5 15. Bh3+ Kb8 16. Qa4 b6 17. c5 Qf6 18. Bg2 Qg6 19. Kf1 Qd3+ 20. Kg1 Qc4
21. Qb4 a5 22. Qb3 Bxc5 23. Qxc4 Nxc4 24. Bxc5 bxc5 25. Rb1+ Ka7 26. Rb5 Ne5
27. f4 Nd3 28. Be4 c4 29. Bxd3 cxd3 30. Kf2 Rhe8 31. Rhb1 Re2+ 32. Kf3 Rxa2 33.
Rc5 Rd7 34. Rcb5 Rd8 35. Rb7+ Ka8 36. Rxc7 Rxd5 37. Rc8+ Ka7 38. Rc7+ 1/2-1/2

[Event "World Junior Chess Championship U18 b"]
[Site "Gaziantep"]
[Date "2008.08.06"]
[Round "5.15"]
[White "Georgescu, Tiberiu"]
[Black "Geetha, Narayanan Gopal"]
[Result "1/2-1/2"]
[WhiteElo "2442"]
[BlackElo "2572"]
[PlyCount "41"]
[EventDate "2008.08.??"]
[EventType "swiss"]
[EventRounds "13"]
[EventCountry "TUR"]

1. d4 Nf6 2. Nf3 g6 3. g3 Bg7 4. Bg2 d5 5. O-O O-O 6. Nbd2 c6 7. c4 a5 8. Ne5
Bf5 9. b3 a4 10. Bb2 Qa5 11. Ba3 Re8 12. b4 Qd8 13. Rc1 Nbd7 14. h3 Ne4 15.
cxd5 cxd5 16. g4 Nxd2 17. Qxd2 Be6 18. f4 f5 19. Nxd7 Qxd7 20. g5 Rac8 21. e3
1/2-1/2

[Event "World Junior Chess Championship U18 b"]
[Site "Gaziantep"]
[Date "2008.08.06"]
[Round "5.16"]
[White "Kravtsiv, Martyn"]
[Black "Baratosi, Daniel"]
[Result "1-0"]
[WhiteElo "2555"]
[BlackElo "2433"]
[PlyCount "75"]
[EventDate "2008.08.??"]
[EventType "swiss"]
[EventRounds "13"]
[EventCountry "TUR"]

1. e4 c5 2. Nf3 d6 3. d4 cxd4 4. Nxd4 Nf6 5. Nc3 g6 6. Be3 Bg7 7. f3 O-O 8. Qd2
Nc6 9. Bc4 Bd7 10. O-O-O Rc8 11. Bb3 Nxd4 12. Bxd4 b5 13. Nd5 Nxd5 14. Bxg7
Kxg7 15. exd5 a5 16. a3 b4 17. axb4 axb4 18. Qxb4 Kg8 19. Rhe1 Rc5 20. Rd3 Re8
21. Rde3 Ra5 22. Kd2 Rb5 23. Qd4 e5 24. dxe6 Bxe6 25. R1e2 d5 26. Ke1 Qd6 27.
g3 Rb4 28. Qf6 Rb6 29. Kf2 Qc5 30. h4 Ra8 31. h5 Ra1 32. h6 Qf8 33. Bxd5 Qxh6
34. Rxe6 Qh2+ 35. Ke3 Qg1+ 36. Ke4 Ra4+ 37. c4 fxe6 38. Bxe6+ 1-0

[Event "World Junior Chess Championship U18 b"]
[Site "Gaziantep"]
[Date "2008.08.06"]
[Round "5.17"]
[White "Pruijssers, Roeland"]
[Black "Khamrakulov, Dzhurabek"]
[Result "0-1"]
[WhiteElo "2452"]
[BlackElo "2554"]
[PlyCount "58"]
[EventDate "2008.08.??"]
[EventType "swiss"]
[EventRounds "13"]
[EventCountry "TUR"]

1. e4 c6 2. d4 d5 3. Nc3 dxe4 4. Nxe4 Bf5 5. Ng3 Bg6 6. h4 h6 7. Nf3 Nd7 8. h5
Bh7 9. Bd3 Bxd3 10. Qxd3 e6 11. Bd2 Qc7 12. O-O-O Ngf6 13. Ne4 O-O-O 14. g3
Nxe4 15. Qxe4 Nf6 16. Qe2 Rd5 17. c4 Rxh5 18. Bf4 Qd8 19. Ne5 Rxh1 20. Rxh1 Qe8
21. Nxf7 Qxf7 22. Qe5 Qe7 23. Qb8+ Kd7 24. Re1 g5 25. Bc7 Qe8 26. Qxb7 Qc8 27.
Qxc8+ Kxc8 28. Rxe6 Kxc7 29. Rxf6 h5 0-1

[Event "World Junior Chess Championship U18 b"]
[Site "Gaziantep"]
[Date "2008.08.06"]
[Round "5.18"]
[White "Gupta, Abhijeet"]
[Black "Ashwin, Jayaram"]
[Result "1-0"]
[WhiteElo "2551"]
[BlackElo "2436"]
[PlyCount "193"]
[EventDate "2008.08.??"]
[EventType "swiss"]
[EventRounds "13"]
[EventCountry "TUR"]

1. d4 d5 2. c4 c6 3. Nc3 e6 4. e4 dxe4 5. Nxe4 Bb4+ 6. Bd2 Qxd4 7. Bxb4 Qxe4+
8. Be2 Na6 9. Bd6 Qxg2 10. Qd2 Nf6 11. Bf3 Qg6 12. Ne2 e5 13. Bxe5 Be6 14.
O-O-O Qf5 15. Bf4 Bxc4 16. Ng3 Qc5 17. Be3 Qb4 18. Nf5 Qxd2+ 19. Rxd2 Bd5 20.
Nxg7+ Kd7 21. Bg5 Kc7 22. Re1 Bxf3 23. Re7+ Kb6 24. Bxf6 Bd5 25. b4 Nxb4 26. a3
Na6 27. Rb2+ Ka5 28. Nf5 Rhe8 29. Rbxb7 Nc5 30. Rxa7+ Rxa7 31. Rxe8 Ne6 32. Rb8
Ka4 33. Ne3 Ka5 34. f4 Ka6 35. Kc2 Rb7 36. Ra8+ Ra7 37. Rxa7+ Kxa7 38. f5 Be4+
39. Kc3 Nc7 40. Kd4 Bb1 41. Ke5 Nd5 42. Nc4 Nb6 43. Nd2 Nd7+ 44. Kf4 Bd3 45.
Bc3 Nb6 46. Bd4 Kb7 47. Ne4 Nd5+ 48. Ke5 Kc7 49. Nd6 Ne7 50. Bc5 Bc2 51. h4 Kd7
52. h5 Bd1 53. f6 Ng8 54. Nxf7 Bxh5 55. Ng5 Nh6 56. Nxh7 Bd1 57. Nf8+ Ke8 58.
Ne6 Nf7+ 59. Kf4 Kd7 60. Nd4 Ba4 61. Kf5 Bd1 62. Kg6 Ke8 63. Nxc6 Ba4 64. Nd4
Bd1 65. Bb4 Ba4 66. Kg7 Ng5 67. Bd2 Nf7 68. Bf4 Bd1 69. Nb5 Bb3 70. a4 Nd8 71.
a5 Ne6+ 72. Kh6 Nxf4 73. a6 Bd5 74. Kg5 Ne6+ 75. Kf5 Nc5 76. Nc7+ Kf7 77. a7
Bh1 78. Nb5 Nd7 79. Nd6+ Kf8 80. Ne4 Nb6 81. Ke5 Kf7 82. Ng5+ Kf8 83. Ke6 Bd5+
84. Kd6 Bg2 85. f7 Bd5 86. Kc5 Bxf7 87. Kxb6 Bd5 88. Ne6+ Ke7 89. Nc5 Ba8 90.
Kc7 Ke8 91. Ne6 Ke7 92. Nd4 Ke8 93. Nf5 Kf8 94. Kb8 Bd5 95. Nd6 Ke7 96. Nb7
Bxb7 97. Kxb7 1-0

[Event "World Junior Chess Championship U18 b"]
[Site "Gaziantep"]
[Date "2008.08.06"]
[Round "5.19"]
[White "Kalashian, David"]
[Black "Negi, Parimerjan"]
[Result "1/2-1/2"]
[WhiteElo "2432"]
[BlackElo "2529"]
[PlyCount "56"]
[EventDate "2008.08.??"]
[EventType "swiss"]
[EventRounds "13"]
[EventCountry "TUR"]

1. e4 c5 2. Nc3 d6 3. Nf3 Nf6 4. e5 dxe5 5. Nxe5 Nbd7 6. Nc4 Nb6 7. Nxb6 Qxb6
8. Bb5+ Bd7 9. Bxd7+ Nxd7 10. O-O Nf6 11. Qf3 e6 12. a4 Rc8 13. b3 Be7 14. a5
Qc6 15. a6 bxa6 16. Ra4 Qxf3 17. gxf3 Rc6 18. Bb2 O-O 19. Rfa1 Rb8 20. Rxa6
Rxa6 21. Rxa6 c4 22. Rxa7 Bf8 23. Ne4 cxb3 24. cxb3 Nxe4 25. fxe4 Rxb3 26. Bc3
f6 27. Kg2 e5 28. Rc7 Rb8 1/2-1/2

[Event "World Junior Chess Championship U18 b"]
[Site "Gaziantep"]
[Date "2008.08.06"]
[Round "5.20"]
[White "Ragger, Markus"]
[Black "Toufighi, Tamijani Homayoon"]
[Result "1/2-1/2"]
[WhiteElo "2527"]
[BlackElo "2425"]
[PlyCount "83"]
[EventDate "2008.08.??"]
[EventType "swiss"]
[EventRounds "13"]
[EventCountry "TUR"]

1. e4 e6 2. d4 d5 3. Nc3 dxe4 4. Nxe4 Bd7 5. Nf3 Bc6 6. Bd3 Nd7 7. O-O Ngf6 8.
Ng3 Be7 9. c3 O-O 10. Bf4 Re8 11. Re1 Bxf3 12. Qxf3 c6 13. Rad1 Qb6 14. Bc1 c5
15. dxc5 Bxc5 16. Bc2 Rad8 17. h3 Bd6 18. Ne4 Nxe4 19. Qxe4 Nf6 20. Qe2 Bb8 21.
Bg5 Rxd1 22. Rxd1 Rd8 23. Rxd8+ Qxd8 24. Qd3 Qd5 25. g3 h6 26. Qxd5 Nxd5 27.
Bd2 f5 28. c4 Ne7 29. Bc3 Nc6 30. b4 Be5 31. Bxe5 Nxe5 32. f4 Nxc4 33. Bb3 b5
34. Kf2 Kf7 35. Bxc4 bxc4 36. Ke3 e5 37. fxe5 Ke6 38. Kd4 g5 39. Kxc4 Kxe5 40.
Kd3 Kd5 41. h4 Ke5 42. Ke3 1/2-1/2

[Event "World Junior Chess Championship U18 b"]
[Site "Gaziantep"]
[Date "2008.08.06"]
[Round "5.21"]
[White "Melkumyan, Hrant"]
[Black "Benidze, Davit"]
[Result "1-0"]
[WhiteElo "2507"]
[BlackElo "2389"]
[PlyCount "113"]
[EventDate "2008.08.??"]
[EventType "swiss"]
[EventRounds "13"]
[EventCountry "TUR"]

1. d4 Nf6 2. c4 e6 3. Nf3 b6 4. g3 Ba6 5. Qc2 Bb7 6. Bg2 c5 7. d5 exd5 8. cxd5
Nxd5 9. O-O Be7 10. Ne5 Qc7 11. Qe4 Bc6 12. Nxc6 dxc6 13. Nc3 Nxc3 14. bxc3 O-O
15. Rd1 Bf6 16. Bf4 Qe7 17. Qxe7 Bxe7 18. Bd6 Bxd6 19. Rxd6 Re8 20. f4 Kf8 21.
e4 f6 22. Re1 Na6 23. Bf1 Nc7 24. Rxc6 Re7 25. Rd1 Ne8 26. Bg2 Rb8 27. a4 Rbb7
28. Rc8 Rbd7 29. Rd5 Kf7 30. Bh3 Rc7 31. Rcd8 Rxe4 32. Bf5 Re1+ 33. Kf2 Rce7
34. Bxh7 R1e2+ 35. Kg1 g6 36. f5 gxf5 37. Bxf5 Ng7 38. Bd3 Ra2 39. R5d7 Ne6 40.
Bb5 Nxd8 41. Bc4+ Ne6 42. Rxe7+ Kxe7 43. Bxa2 Nc7 44. Kf2 b5 45. a5 c4 46. Ke3
Kd6 47. Bb1 Ne6 48. h4 Ke5 49. g4 Nf4 50. Be4 a6 51. Bb7 Nd5+ 52. Kd2 Nc7 53.
h5 Ke6 54. Ke3 Kf7 55. Ke4 Kg7 56. Bc8 Kh6 57. Kd4 1-0

[Event "World Junior Chess Championship U18 b"]
[Site "Gaziantep"]
[Date "2008.08.06"]
[Round "5.22"]
[White "Potapov, Pavel"]
[Black "Hammer, Jon Ludvig"]
[Result "1/2-1/2"]
[WhiteElo "2418"]
[BlackElo "2494"]
[PlyCount "55"]
[EventDate "2008.08.??"]
[EventType "swiss"]
[EventRounds "13"]
[EventCountry "TUR"]

1. e4 e5 2. Nf3 Nc6 3. Bc4 Nf6 4. d3 Be7 5. O-O O-O 6. Re1 d6 7. a4 Kh8 8. h3
Ng8 9. Nc3 f5 10. exf5 Bxf5 11. Nd5 Bf6 12. a5 a6 13. c3 Bg6 14. Qb3 Rb8 15.
Nxf6 Qxf6 16. Be3 h6 17. Nd2 Nd4 18. cxd4 exd4 19. Nf3 dxe3 20. Rxe3 Bf7 21.
Rae1 Qf5 22. Bxf7 Qxf7 23. Qc2 c6 24. Qe2 Qd5 25. Nh4 Rf6 26. b4 Rbf8 27. Re4
Kh7 28. Nf3 1/2-1/2

[Event "World Junior Chess Championship U18 b"]
[Site "Gaziantep"]
[Date "2008.08.06"]
[Round "5.24"]
[White "Kore, Akshayraj"]
[Black "Papadopoulos, Ioannis"]
[Result "1/2-1/2"]
[WhiteElo "2392"]
[BlackElo "2490"]
[PlyCount "59"]
[EventDate "2008.08.??"]
[EventType "swiss"]
[EventRounds "13"]
[EventCountry "TUR"]

1. e4 c5 2. Nc3 Nc6 3. Nge2 Nf6 4. g3 d5 5. exd5 Nd4 6. Nxd4 cxd4 7. Bb5+ Bd7
8. Bxd7+ Qxd7 9. Ne2 Qxd5 10. O-O h5 11. d3 h4 12. c4 Qd7 13. Bf4 hxg3 14. Bxg3
Ng4 15. Nf4 O-O-O 16. Qe2 e5 17. Nd5 f5 18. f3 Ne3 19. Nxe3 dxe3 20. Bxe5 Qxd3
21. Qxd3 Rxd3 22. Rfd1 Rxd1+ 23. Rxd1 Bb4 24. Kf1 Rh4 25. Rd4 Rh3 26. Bg3 g5
27. f4 gxf4 28. Rxf4 Bd6 29. Rxf5 Bxg3 30. hxg3 1/2-1/2

[Event "World Junior Chess Championship U18 b"]
[Site "Gaziantep"]
[Date "2008.08.06"]
[Round "5.25"]
[White "Mamedov, Rauf"]
[Black "Kulakov, Viacheslav"]
[Result "1-0"]
[WhiteElo "2627"]
[BlackElo "2360"]
[PlyCount "159"]
[EventDate "2008.08.??"]
[EventType "swiss"]
[EventRounds "13"]
[EventCountry "TUR"]

1. e4 c6 2. c4 d5 3. cxd5 cxd5 4. exd5 Nf6 5. Bb5+ Nbd7 6. Nc3 a6 7. Be2 Nb6 8.
d4 Nbxd5 9. Nf3 e6 10. O-O Be7 11. Ne5 O-O 12. Bf3 Qd6 13. Bg5 Bd7 14. Rc1 Rac8
15. Qe2 b5 16. Qd2 Nxc3 17. bxc3 Nd5 18. Bxe7 Nxe7 19. Rfd1 Bc6 20. Nxc6 Nxc6
21. a4 Na5 22. Qa2 b4 23. cxb4 Qxb4 24. d5 Qb3 25. Qxb3 Nxb3 26. Rb1 Nc5 27. d6
Nxa4 28. d7 Rcd8 29. Rdc1 Rxd7 30. Rb4 Rfd8 31. Rxa4 g6 32. Rxa6 Kg7 33. h4 h5
34. Rac6 Ra7 35. Rc7 Ra5 36. Re1 Kf6 37. Rb1 Rf5 38. Rb3 Rd4 39. g3 Kg7 40. Kg2
Rd2 41. Re3 Ra5 42. Re2 Rd6 43. Rb2 Rd8 44. Rbb7 Rf8 45. Ra7 Rb5 46. Ra8 Rbb8
47. Rca7 Rbc8 48. Be4 Rfd8 49. Rxc8 Rxc8 50. Bd3 Rc5 51. Rb7 Rc8 52. Bb5 Kf6
53. f3 Kg7 54. Kf2 Kf6 55. Ke3 Rd8 56. Rc7 Rb8 57. Bc4 Rb1 58. Bd3 Re1+ 59. Kf2
Rd1 60. Bb5 Rd2+ 61. Ke3 Rd8 62. Ke4 Rb8 63. Bc4 Rb1 64. g4 hxg4 65. fxg4 Rh1
66. g5+ Kg7 67. Ke5 Re1+ 68. Kf4 Rc1 69. Rc8 Rh1 70. Kg3 Rg1+ 71. Kh2 Rb1 72.
Kg2 Rb2+ 73. Kf3 Rh2 74. Rc7 Rc2 75. Ke3 Kf8 76. Rc8+ Ke7 77. Kd4 Rh2 78. Ke5
Kd7 79. Rh8 Rb2 80. Kf6 1-0

[Event "World Junior Chess Championship U18 b"]
[Site "Gaziantep"]
[Date "2008.08.06"]
[Round "5.26"]
[White "Iturrizaga, Bonelli Eduardo Pat"]
[Black "Djuraev, Sokhib"]
[Result "1-0"]
[WhiteElo "2561"]
[BlackElo "2324"]
[PlyCount "91"]
[EventDate "2008.08.??"]
[EventType "swiss"]
[EventRounds "13"]
[EventCountry "TUR"]

1. d4 Nf6 2. Nf3 g6 3. c4 Bg7 4. Nc3 O-O 5. g3 c5 6. Bg2 cxd4 7. Nxd4 Nc6 8.
O-O Nxd4 9. Qxd4 d6 10. Qd3 Nd7 11. b3 Nc5 12. Qd2 a5 13. Ba3 Rb8 14. Rad1 b6
15. e4 Bb7 16. Rfe1 Bc6 17. f4 Qc8 18. Re3 Qb7 19. Rde1 Rbd8 20. Bb2 e6 21. h4
h5 22. Kh2 Kh7 23. Rd1 Rfe8 24. Qe2 Qe7 25. Qc2 e5 26. f5 Bh6 27. Rf3 Rg8 28.
Rdf1 g5 29. Nd5 Bxd5 30. f6 Qf8 31. exd5+ Kh8 32. Rf5 Rg6 33. Bc1 Qg8 34. g4
gxh4 35. Rxh5 Qh7 36. Rff5 Rdg8 37. Bxh6 Rxh6 38. Rxh6 Qxh6 39. Rh5 Qxh5 40.
gxh5 Rg5 41. Bf3 e4 42. Bxe4 Nd7 43. Qd2 Rxh5 44. Bf3 Rh7 45. Qg5 Nc5 46. a3
1-0